Beyond the Bayonet: Indian special operations forces in the 21st century (Record no. 247683)
[ view plain ]
| 000 -LEADER | |
|---|---|
| fixed length control field | 00310 a2200109 4500 |
| 001 - CONTROL NUMBER | |
| control field | 12610 |
| 082 ## - DEWEY DECIMAL CLASSIFICATION NUMBER | |
| Classification number | 356.160954SIN |
| 090 ## - LOCALLY ASSIGNED LC-TYPE CALL NUMBER (OCLC); LOCAL CALL NUMBER (RLIN) | |
| -- | 9622 |
| -- | 9622 |
| 100 ## - MAIN ENTRY--PERSONAL NAME | |
| Personal name | Sinha B. Deepak |
| 245 ## - TITLE STATEMENT | |
| Title | Beyond the Bayonet: Indian special operations forces in the 21st century |
| Statement of responsibility, etc. | Deepak Sinha B. |
| 260 ## - PUBLICATION, DISTRIBUTION, ETC. | |
| Place of publication, distribution, etc. | ND |
| Name of publisher, distributor, etc. | Gyan |
| Date of publication, distribution, etc. | 2006 |
| 942 ## - ADDED ENTRY ELEMENTS (KOHA) | |
| Institution code [OBSOLETE] | NUST-CAE |
| Call number prefix | 356.160954SIN |
| Withdrawn status | Lost status | Damaged status | Not for loan | Collection code | Permanent Location | Current Location | Date acquired | Total Checkouts | Full call number | Barcode | Date last seen | Price effective from | Koha item type |
|---|---|---|---|---|---|---|---|---|---|---|---|---|---|
| College of Aeronautical Engineering (CAE) | College of Aeronautical Engineering (CAE) | 04/03/2017 | 356.160954SIN | CAEN-3644 | 04/05/2017 | 04/05/2017 | Book |
